Spoločne prispieť k rozvoju. Rozhovor pri kolíske Družstevnej únie Slovenskej republiky.
V súvislosti s delením bývalej ČSFR, došlo aj k rozdeleniu Družstevnej únie ČSFR na dva samostatné subjekty. Ustanovujúce zhromaždenie Družstevnej únie Slovenskej republiky. Sobotište, december 1992. Rozhovor s predsedom SZSD Ing. Silvestrom Adamčom. Otázka delenia majetku, úlohy únie, orgány únie.
Salvato in:
| Autore principale: | |
|---|---|
| Altri autori: | |
| Natura: | Capitolo di libro |
| Lingua: | slovacco |
| Soggetti: | |
| Tags: |
Nessun Tag, puoi essere il primo ad aggiungerne!!
|
MARC
| LEADER | 00000naa a2200000 4500 | ||
|---|---|---|---|
| 001 | r013586 | ||
| 005 | 20221213122803.9 | ||
| 041 | 0 | |a slo | |
| 044 | |a SK | ||
| 245 | 1 | 0 | |a Spoločne prispieť k rozvoju. |b Rozhovor pri kolíske Družstevnej únie Slovenskej republiky. |c S. Adamča, M. Rakovský |
| 520 | |a V súvislosti s delením bývalej ČSFR, došlo aj k rozdeleniu Družstevnej únie ČSFR na dva samostatné subjekty. Ustanovujúce zhromaždenie Družstevnej únie Slovenskej republiky. Sobotište, december 1992. Rozhovor s predsedom SZSD Ing. Silvestrom Adamčom. Otázka delenia majetku, úlohy únie, orgány únie. | ||
| 610 | 2 | 0 | |a družstevníctvo |
| 610 | 2 | 0 | |a Slovensko |
| 610 | 2 | 0 | |a 1992 |
| 610 | 2 | 0 | |a Družstevná únia SR |
| 100 | 1 | |a Adamča, S. | |
| 700 | 1 | |a Rakovský, M. | |